Les dictateurs sanguinaires - Statistiques

Statistiques générales
  • Ce quiz a été pris 182 fois
  • Le résultat moyen est 7 sur 11
Statistiques - réponses
Rank KDA Hint Réponse % Correct
3e 30M Dirigeant de l'URSS durant la Seconde Guerre mondiale Josef Staline
100%
4e 17M Autrichien moustachu suicidé dans son bunker Adolf Hitler
98%
1er 80M Fondateur de la République Populaire de Chine Mao Zedong
91%
2e 40M Conquérant impitoyable, il fut le premier Khan del'Empire mongol Gengis Khan
71%
9e 2M Chef d’État irakien pendant la Guerre du Golfe Saddam Hussein
68%
5e 15M Second roi des belges, a commis des atrocités pendantla colonisation du Congo Leopold II de Belgique
65%
8e 2.5M Despote et chef des Khmers rouges, il élimine 20% de lapopulation cambodgienne Pol Pot
65%
10e 1.6M Fondateur et premier dirigeant de la Corée du Nord Kim-Il Sung
53%
6e 5M Ministre de l'Armée impériale japonaise reconnu coupable de plusieurs crimes de guerre Hideki Tojo
19%
7e 2.5M Principal organisateur du génocide arménien Ismail Enver Pacha
13%
11e 1.5M Ancien président indonésien, est réputé pour sa farouche politique anticommuniste et fidèle allié des USA Mohammed Suharto
12%
Aucun quiz correspondant
Distribution des résultats
% des personnes avec chaque résultat
Percentile par nombre de réponses
Votre historique - résultats
Vous n’avez pas pris ce quiz